00422nam a2200157Ia 4500003000500000008004100005020001800046040001900064082000700083100002200090245007100112260004700183300001000230365001200240546001200252STCL221019s9999 xx 000 0 und d a9780521423045 aSTCLcSTCLbEN 222 aDavidson, Michael 4aThe San Francisco Renaissance poetics and community at mid-century bCambridge University PressaNew Yorkc1999 a248 p b2661.28 aEnglish